Top 5 Tennis Grand Slam British Women's Players in Open Era - Statistics

General Stats
  • This quiz has been taken 43 times
  • The average score is 3 of 5
Answer Stats
# Player Best Performance Points % Correct
1 Virginia Wade Win (3) 66
89%
5 Johanna Konta Semifinals 17
71%
2 Sue Barker Win (1) 26
66%
3 Ann Haydon-Jones Win (1) 23
37%
4 Jo Durie Semifinals 18
29%
No matching quizzes found
Score Distribution
Percent of People with Each Score
Percentile by Number Answered
Your Score History
You have not taken this quiz